<The> Belt and Road Initiative in Central and Eastern Europe

Analýza ekonomického potenciálu a politických implikácií čínskeho dopravného pásu a cestnej iniciatívy v strednej a východnej Európe, menovite pásu ekonomickej hodvábnej cesty. Úloha 16+1 platformy spolupráce Číny a krajín strednej a východnej Európy pri procese prenikania Číny do daného regiónu. Po...

Descrizione completa

Salvato in:
Dettagli Bibliografici
Autore principale: Ondriaš, Juraj, 1988-
Natura: Capitolo di libro
Lingua:inglese
Soggetti:
Tags: Aggiungi Tag
Nessun Tag, puoi essere il primo ad aggiungerne!!

MARC

LEADER 00000nla a2200000 4500
001 0241334
005 20240502083647.6
041 0 |a eng 
044 |a HU 
245 1 0 |a <The> Belt and Road Initiative in Central and Eastern Europe  |c Juraj Ondriaš 
520 |a Analýza ekonomického potenciálu a politických implikácií čínskeho dopravného pásu a cestnej iniciatívy v strednej a východnej Európe, menovite pásu ekonomickej hodvábnej cesty. Úloha 16+1 platformy spolupráce Číny a krajín strednej a východnej Európy pri procese prenikania Číny do daného regiónu. Použité analytické a porovnávacie metódy. 
610 2 0 |a projekty medzinárodné 
610 2 0 |a plánovanie strategické 
610 2 0 |a doprava 
610 2 0 |a doprava cestná 
610 2 0 |a spolupráca hospodárska medzinárodná 
610 2 0 |a rozvoj hospodársky 
610 2 0 |a rozvoj regionálny 
610 2 0 |a SVE 
610 2 0 |a Čína 
610 2 0 |a stredná Európa 
610 2 0 |a východná Európa 
610 2 0 |a analýza komparatívna 
100 1 |a Ondriaš, Juraj, 1988-